[Event "FRA-chT2 0910"]
[Site "France"]
[Date "2009.10.04"]
[Round "1.7"]
[White "Bauer, Frederic"]
[Black "Neuhauser, Salome"]
[Result "0-1"]
[WhiteElo "2074"]
[BlackElo "2041"]
[PlyCount "68"]
[EventDate "2009.09.27"]
[EventType "team-tourn"]
[EventRounds "11"]
[EventCountry "FRA"]
[SourceTitle "EXT 2011"]
[Source "ChessBase"]
[SourceDate "2010.11.26"]
[SourceVersion "1"]
[SourceVersionDate "2010.11.26"]
[SourceQuality "1"]

1. d4 Nf6 2. Bg5 g6 3. Bxf6 exf6 4. g3 Bg7 5. Bg2 0-0 6. c4 f5 7. Nc3 d6 8. e3 Nd7 9. Nge2 Rb8 10. 0-0 b6 11. Qa4 a6 12. Rfd1 Nf6 13. b4 Qe7 14. Qc2 c5 15. bxc5 bxc5 16. Nf4 Qa7 17. Rab1 Bd7 18. Ncd5 Nxd5 19. Nxd5 cxd4 20. Rxb8 Rxb8 21. exd4 Bxd4 22. Qd2 Be5 23. Qh6 Bg7 24. Qf4 Rb2 25. Ne3 Be5 26. Qg5 Be6 27. h4 Kg7 28. h5 h6 29. Qd8 Bxg3 30. hxg6 Bxf2+ 31. Kh1 Qxe3 32. gxf7 Bxf7 33. Qxd6 Qe2 34. c5 Qh5+ 0-1